Statistics for FIFA 21 Highest Rated Players by Country

Click here to take the quiz!

General Stats

  • This quiz has been taken 3,198 times
    (2,093 since last reset)
  • The average score is 47 of 94

Answer Stats

CountryClubRatingAnswer% Correct
ArgentinaBarcelona93Lionel Messi
99%
BrazilPSG91Neymar
97%
PortugalJuventus92Cristiano Ronaldo
93%
AlgeriaManchester City85Riyad Mahrez
92%
BelgiumManchester City91Kevin de Bruyne
92%
FrancePSG90Kylian Mbappe
91%
EgyptLiverpool90Mohamed Salah
91%
EnglandSpurs88Harry Kane
89%
CroatiaReal Madrid87Luka Modric
89%
AustriaBayern Munich84David Alaba
88%
PolandBayern Munich91Robert Lewandowski
88%
SenegalLiverpool90Sadio Mane
86%
NetherlandsLiverpool90Virgil van Dijk
86%
Bosnia & HerzegovinaBarcelona85Miralem Pjanic
86%
CanadaBayern Munich81Alphonso Davies
86%
Costa RicaPSG87Keylor Navas
85%
GermanyBarcelona90Marc-Andre ter Stegen
85%
Korea RepublicSpurs87Heung Min Son
84%
DenmarkInter Milan85Christian Eriksen
82%
NorwayBorussia Dortmund84Erling Braut Haland
81%
SpainReal Madrid89Sergio Ramos
81%
ItalyLazio87Ciro Immobile
80%
GabonArsenal87Pierre-Emerick Aubameyang
80%
CameroonAjax84Andre Onana
80%
ChileInter Milan83Arturo Vidal
79%
SloveniaAtletico Madrid91Jan Oblak
79%
ScotlandLiverpool87Andrew Robertson
78%
UruguayAtletico Madrid87Luis Suarez
77%
SwedenAC Milan83Zlatan Ibrahimovic
77%
GhanaArsenal84Thomas Partey
76%
WalesSpurs83Gareth Bale
76%
Ivory CoastCrystal Palace83Wilfried Zaha
75%
GreeceNapoli83Kostas Manolas
74%
MoroccoChelsea85Hakim Ziyech
70%
NigeriaLeicester City84Wilfred Ndidi
69%
ColombiaAtalanta83Duvan Zapata
69%
United States of AmericaChelsea81Christian Pulisic
69%
SwitzerlandBorussia Monchengladbach86Yann Sommer
67%
GuineaLiverpool81Naby Keita
65%
MontenegroAtletico Madrid81Stefan Savic
64%
HungaryRB Leipzig85Peter Gulacsi
64%
AlbaniaLazio83Thomas Strakosha
64%
FinlandBayer Leverkusen83Lukas Hradecky
63%
Dominican RepublicReal Madrid77Mariano
62%
IcelandEverton79Gylfi Sigurdsson
62%
JamaicaBayer Leverkusen80Leon Bailey
61%
SlovakiaInter Milan85Milan Skriniar
56%
SerbiaLazio85Sergej Milinkovic-Savic
56%
MexicoFC Porto84Jesus Corona
55%
IsraelPSV81Eran Zahavi
53%
Czech RepublicSevilla82Tomas Vaclik
53%
AustraliaBrighton & Hove Albion80Mathew Ryan
51%
ArmeniaRoma80Henrikh Mkhitaryan
48%
Central African RepublicAtletico Madrid79Geoffrey Kondogbia
43%
TurkeyLeicester City80Caglar Soyuncu
41%
Northern IrelandLeicester City80Jonny Evans
41%
KosovoWerder Bremen79Milot Rashica
39%
VenezuelaAtlanta United FC81Josef Martinez
33%
Burkina FasoBayer Leverkusen78Edmond Tapsoba
31%
TogoGetafe CF82Dakonam Djene
31%
RussiaCSKA Moscow82Mario Fernandes
31%
New ZealandBurnley78Chris Wood
29%
JapanMarseille78Hiroki Sakai
29%
UkraineShakhtar Donetsk81Marlos
25%
DR CongoBeijing Sinobo Guoan80Cedric Bakambu
22%
KenyaMontreal Impact76Victor Wanyama
21%
RomaniaLazio78Stefan Radu
21%
AngolaClub Brugge77Clinton Mata
20%
North MacedoniaLevante79Enis Bardhi
18%
SyriaAl-Ahli77Omar Al Soma
18%
MaliStade Rennais79Hamari Traore
17%
IranFC Porto77Mehdi Taremi
17%
ZambiaRB Salzburg76Patson Daka
14%
Republic of IrelandSpurs81Matt Doherty
13%
EcuadorVillarreal CF79Pervis Estupinan
13%
Cape VerdeSporting CP77Jovane Cabral
12%
PeruAl-Hilal79Andre Carrillo
10%
CongoNottingham Forest75Brice Samba
9%
China PRHebei China Fortune80Ricardo Goulart Pereira
9%
CubaMinnesota United FC75Osvaldo Alonso
9%
Equatorial GuineaSassuolo76Pedro Obiang
9%
TunisiaFC Koln77Ellyes Skhiri
8%
South AfricaAnderlecht75Percy Tau
7%
HondurasHouston Dynamo75Alberth Elis
6%
TanzaniaFenerbahce76Mbwana Ally Samatta
6%
MadagascarFC Lorient75Jeremy Morel
5%
IraqVancouver Whitecaps75Ali Adnan
4%
CuracaoColumbus Crew75Eloy Room
4%
Guinea-BissauDijon75Mama Balde
4%
MoldovaIstanbul Basaksehir75Alexandru Epureanu
3%
ZimbabweKaizer Chiefs76Khama Billiat
2%
MozambiqueMartimo75Zainadine
2%
ParaguayRacing Club78Matias Rojas
2%
PanamaNacional de Montevideo75Luis Mejia
1%

Score Distribution

Percentile by Number Answered

Percent of People with Each Score

Your Score History

You have not taken this quiz since the last reset